Viśishṭa kahāniyām̐. (Record no. 79968)

MARC details
000 -LEADER
fixed length control field 00606cam a22002291 4500
001 - CONTROL NUMBER
control field sa 68004100
003 - CONTROL NUMBER IDENTIFIER
control field DLC
005 - DATE AND TIME OF LATEST TRANSACTION
control field 20260227112459.0
008 - FIXED-LENGTH DATA ELEMENTS--GENERAL INFORMATION
fixed length control field 930209s1967 ii a 000 1 hin
010 ## - LIBRARY OF CONGRESS CONTROL NUMBER
LC control number sa 68004100
035 ## - SYSTEM CONTROL NUMBER
System control number (OCoLC)27400346
040 ## - CATALOGING SOURCE
Original cataloging agency DLC
Transcribing agency WaU
Modifying agency DLC
042 ## - AUTHENTICATION CODE
Authentication code premarc
050 00 - LIBRARY OF CONGRESS CALL NUMBER
Classification number PK2077
Item number .P33
100 1# - MAIN ENTRY--PERSONAL NAME
Personal name Pandey, Sudhakar,
Dates associated with a name 1927-
245 10 - TITLE STATEMENT
Title Viśishṭa kahāniyām̐.
260 ## - PUBLICATION, DISTRIBUTION, ETC.
Date of publication, distribution, etc. [1967]
300 ## - PHYSICAL DESCRIPTION
Extent 208 p.
Other physical details illus.
Dimensions 19 cm.
500 ## - GENERAL NOTE
General note In Hindi.
500 ## - GENERAL NOTE
General note Includes short biographical sketches of the contributors.
650 #0 - SUBJECT ADDED ENTRY--TOPICAL TERM
Topical term or geographic name entry element Short stories, Hindi.

No items available.

Powered by Koha